ბათუმის შოთა რუსთაველის სახელმწიფო უნივერსიტეტის ბიბლიოთეკა

ქართული ლექსიკონი რუსული თარგმანითურთ = Словарь грузинского языка с русским переводом / (ბიბ.ჩანაწერი № 53215)

000 -ლიდერი
ფიქსირებული სიგრძის საკონტროლო ველი 01286nam a2200229Ia 4500
001 - საკონტროლო ნომერი
საკონტროლო ველი 20256
003 - საკონტროლო ნომრის იდენტიფიკატორი
საკონტროლო ველი GE_BSU
005 - ბოლო ოპერაციის თარიღი და დრო
საკონტროლო ველი 20200524231246.0
008 - ფიქსირებული სიგრძის მონაცემთა ელემენტები - ზოგადი ინფორმაცია
ფიქსირებული სიგრძის საკონტროლო ველი 181216s1961||||ge |||||||||||||| ||geo||
040 ## - კატალოგიზაციის წყარო
Transcribing agency GE_BSU
041 ## - ენის კოდი
Language code of text/sound track or separate title geo
080 ## - უნივერსალური ათობითი კლასიფიკაციის ინდექსი
Universal Decimal Classification number 81'374.822=353.1=161 ჩ-84
100 ## - მთავარი ჩანაწერი - პიროვნების სახელი
Personal name ჩუბინაშვილი, ნიკო
9 (RLIN) 8175
245 ## - ცნობა სათაურის შესახებ
Title ქართული ლექსიკონი რუსული თარგმანითურთ = Словарь грузинского языка с русским переводом /
Statement of responsibility, etc ნიკო ჩუბინაშვილი ; ალ. ღლონტის რედაქციითა და გამოკვლევით ; რედ. სიმონ ყაუხჩიშვილი.
264 ## - წარმოების, გამოცემის, დისტრიბუციის და სხვა ცნობები
გამოცემის, წარმოების, დისტრიბუციის... ადგილი თბილისი :
გამოცემის, წარმოების, დისტრიბუციის... სახელწოდება საბჭოთა საქართველო,
გამოცემის, წარმოების, დისტრიბუციის... თარიღი 1961.
300 ## - ფიზიკური აღწერა
Extent 490 გვ. ;
Dimensions 24 სმ.
546 ## - LANGUAGE NOTE
Language note დამატ. თავფურც. რუსულ ენაზე
653 ## - INDEX TERM--UNCONTROLLED
Uncontrolled term ლექსიკონი
653 ## - INDEX TERM--UNCONTROLLED
Uncontrolled term ქართული ლექსიკონი რუსული თარგმანითურთ
700 ## - ADDED ENTRY--PERSONAL NAME
Personal name ყაუხჩიშვილი, სიმონ
Relator term რედაქტორი
9 (RLIN) 1490
942 ## - ADDED ENTRY ELEMENTS (KOHA)
Koha item type წიგნი
Source of classification or shelving scheme
ეგზემპლარები
ჩამოწერის სტატუსი დაკარგული ეგზემპლარის სტატუსი კლასიფიკაციის წყარო ან თაროზე გაწყობის სქემა დაზიანების სტატუსი არ გაიცემა მუდმივი მდებარეობა (დაცვის ადგილი) ამჟამინდელი ადგილსამყოფელი თაროზე განთავსების ადგილი შეძენის თარიღი ღირებულება, შესყიდვის ნორმალური ფასი სრული შენახვის შიფრი შტრიხკოდი ბოლო ოპერაციის თარიღი ეგზემპლარის მიმდევრობითი ნომერი (კეტერი?) ფასის ძალაში შესვლის თარიღი ეგზემპლარის სახეობა საჯარო შენიშვნა
          ბათუმის შოთა რუსთაველის სახელმწიფო უნივერსიტეტის მთავარი ბიბლიოთეკა ბათუმის შოთა რუსთაველის სახელმწიფო უნივერსიტეტის მთავარი ბიბლიოთეკა წიგნსაცავი 2018-12-17 3.50 81'374.822=353.1=161 ჩ-84 52869 2018-12-17 52869 2018-12-17 წიგნი 3.50 ლ.
          ბათუმის შოთა რუსთაველის სახელმწიფო უნივერსიტეტის მთავარი ბიბლიოთეკა ბათუმის შოთა რუსთაველის სახელმწიფო უნივერსიტეტის მთავარი ბიბლიოთეკა წიგნსაცავი 2018-12-17 1.50 81'374.822=353.1=161 ჩ-84 52870 2018-12-17 52870 2018-12-17 წიგნი 1.50 ლ.
          ბათუმის შოთა რუსთაველის სახელმწიფო უნივერსიტეტის მთავარი ბიბლიოთეკა ბათუმის შოთა რუსთაველის სახელმწიფო უნივერსიტეტის მთავარი ბიბლიოთეკა წიგნსაცავი 2018-12-17 3.50 81'374.822=353.1=161 ჩ-84 52871 2018-12-17 52871 2018-12-17 წიგნი 3.50 ლ.
          ბათუმის შოთა რუსთაველის სახელმწიფო უნივერსიტეტის მთავარი ბიბლიოთეკა ბათუმის შოთა რუსთაველის სახელმწიფო უნივერსიტეტის მთავარი ბიბლიოთეკა წიგნსაცავი 2018-12-17 3.50 81'374.822=353.1=161 ჩ-84 52872 2018-12-17 52872 2018-12-17 წიგნი 3.50 ლ.
          ბათუმის შოთა რუსთაველის სახელმწიფო უნივერსიტეტის მთავარი ბიბლიოთეკა ბათუმის შოთა რუსთაველის სახელმწიფო უნივერსიტეტის მთავარი ბიბლიოთეკა წიგნსაცავი 2018-12-17 1.50 81'374.822=353.1=161 ჩ-84 52608 2018-12-17 52608 2018-12-17 წიგნი 1.50 ლ.